[Event "Cologne Ford op 17th"]
[Site "Cologne"]
[Date "2011.05.30"]
[Round "7"]
[White "Hirche, Helmut"]
[Black "Melters, Hans"]
[Result "1-0"]
[WhiteElo "1717"]
[BlackElo "1244"]
[PlyCount "67"]
[EventDate "2011.04.12"]
[EventType "swiss"]
[EventRounds "7"]
[EventCountry "GER"]
[SourceTitle "EXT 2012"]
[Source "ChessBase"]
[SourceDate "2011.11.24"]
[SourceVersion "1"]
[SourceVersionDate "2011.11.24"]
[SourceQuality "1"]

1. d4 Nf6 2. Nf3 d5 3. e3 Bf5 4. c4 e6 5. Qb3 Bxb1 6. Qxb7 Nbd7 7. Rxb1 Be7 8. cxd5 Nxd5 9. Bd2 0-0 10. Bd3 a5 11. 0-0 Nb4 12. Bxb4 Bxb4 13. Rfc1 Bd6 14. e4 e5 15. Bc4 exd4 16. Nxd4 Nc5 17. Qd5 Qh4 18. e5 Be7 19. Nf5 Qg5 20. Nxe7+ Qxe7 21. f4 Rad8 22. Qc6 Ne6 23. Bxe6 fxe6 24. g3 Rc8 25. Rc4 Rfd8 26. Rbc1 Rd2 27. Qb7 Qd7 28. Rxc7 Qd4+ 29. Kh1 Rd1+ 30. Kg2 Qg1+ 31. Kh3 Qf1+ 32. Kh4 Rxc7 33. Rxc7 Qd3 34. Rc8+ 1-0

[Event "Cologne Ford op 17th"]
[Site "Cologne"]
[Date "2011.05.09"]
[Round "4"]
[White "Bonnmann, Reinhard"]
[Black "Hirche, Helmut"]
[Result "1-0"]
[WhiteElo "2228"]
[BlackElo "1717"]
[PlyCount "31"]
[EventDate "2011.04.12"]
[EventType "swiss"]
[EventRounds "7"]
[EventCountry "GER"]
[SourceTitle "EXT 2012"]
[Source "ChessBase"]
[SourceDate "2011.11.24"]
[SourceVersion "1"]
[SourceVersionDate "2011.11.24"]
[SourceQuality "1"]

1. d4 d5 2. Nf3 Nf6 3. g3 Bg4 4. Bg2 Nbd7 5. c4 c6 6. Ne5 Nxe5 7. dxe5 Nd7 8. cxd5 Nxe5 9. Qd4 f6 10. Bf4 Qa5+ 11. Nc3 cxd5 12. Bxe5 fxe5 13. Qxg4 d4 14. Bxb7 dxc3 15. Bc6+ Kf7 16. Qf5+ 1-0